000 00486nam a2200157 4500
999 _c5401
_d5401
008 161024b xxu||||| |||| 00| 0 eng d
022 _a9770118389007
082 _aDPer 641.05 F73 Mar-Nov 2012
100 _916666
_aOzaeta, Anne Marie
245 _aHomestyle fare that rocks at Blackbird bar/
_cAnne Marie Ozaeta.
260 _aQuezon City:
_bABS CBN Publishing, Inc.,
_c©2012.
300 _apage 29;
_c30 cm.
500 _aFood.
650 0 _916667
_aBars
942 _2ddc
_cPER